[Event "AUT-ch U14"]
[Site "St Veit"]
[Date "2023.06.09"]
[Round "4"]
[White "Ortner, Sebastian"]
[Black "Steinwidder, Jonathan"]
[Result "1/2-1/2"]
[WhiteElo "1787"]
[BlackElo "1192"]
[PlyCount "79"]
[EventDate "2023.06.08"]
[EventType "swiss"]
[EventRounds "7"]
[EventCountry "AUT"]
[SourceTitle "EXT 2024"]
[Source "ChessBase"]
[SourceDate "2023.10.10"]
[SourceVersion "1"]
[SourceVersionDate "2023.10.10"]
[SourceQuality "1"]

1. d4 Nf6 2. c4 c5 3. d5 b5 4. b3 bxc4 5. bxc4 d6 6. Nc3 g6 7. Bb2 Bg7 8. e3 0-0 9. Bd3 Nbd7 10. Nf3 Rb8 11. Qe2 Qa5 12. Rc1 Ng4 13. 0-0 Nge5 14. Nxe5 Nxe5 15. Ba1 Ba6 16. Ne4 Nxd3 17. Qxd3 Qxa2 18. Bxg7 Kxg7 19. Qc3+ Kg8 20. Nd2 Qb2 21. Qa5 Qb6 22. Qa4 Bb7 23. Rb1 Qa6 24. Qd7 e6 25. Ra1 Rfd8 26. Qe7 Re8 27. Qh4 Qb6 28. dxe6 Rxe6 29. Rfb1 Qc6 30. Qg3 a6 31. Rb2 Rbe8 32. Rab1 Bc8 33. Rb6 Qd7 34. Nb3 Re5 35. Nd2 h6 36. Qf3 Rf5 37. Qh3 Kg7 38. e4 Rf6 39. Qxd7 Bxd7 40. Rxa6 1/2-1/2

[Event "Styrian op U14/18 28th"]
[Site "Mureck"]
[Date "2022.08.09"]
[Round "7"]
[White "Steinwidder, Jonathan"]
[Black "Steinwidder, Valentin"]
[Result "1-0"]
[WhiteElo "1104"]
[BlackElo "1196"]
[PlyCount "21"]
[EventDate "2022.08.03"]
[EventType "swiss"]
[EventRounds "9"]
[EventCountry "AUT"]
[SourceTitle "EXT 2023"]
[Source "ChessBase"]
[SourceDate "2022.10.05"]
[SourceVersion "1"]
[SourceVersionDate "2022.10.05"]
[SourceQuality "1"]

1. e4 Nf6 2. e5 Nd5 3. Bc4 Nb6 4. Bb3 d6 5. exd6 cxd6 6. Nf3 Nc6 7. 0-0 Bg4 8. d4 Bxf3 9. Qxf3 Nxd4 10. Bxf7+ Kd7 11. Qg4+ 1-0

[Event "Styrian op U08/12 27th"]
[Site "Mureck"]
[Date "2021.08.05"]
[Round "2"]
[White "Rella, Mario"]
[Black "Steinwidder, Jonathan"]
[Result "0-1"]
[WhiteElo "892"]
[BlackElo "907"]
[PlyCount "94"]
[EventDate "2021.08.04"]
[EventType "swiss"]
[EventRounds "9"]
[EventCountry "AUT"]
[SourceTitle "EXT 2022"]
[Source "ChessBase"]
[SourceDate "2021.10.06"]
[SourceVersion "1"]
[SourceVersionDate "2021.10.06"]
[SourceQuality "1"]

1. d4 d5 2. Nf3 Nc6 3. e3 Bg4 4. Be2 g6 5. c4 dxc4 6. Bxc4 e5 7. h3 Bxf3 8. Qxf3 Qf6 9. Qxf6 Nxf6 10. dxe5 Nxe5 11. Be2 Bb4+ 12. Nc3 Ne4 13. Kf1 Nxc3 14. bxc3 Bxc3 15. Rb1 0-0 16. Rb3 Ba5 17. Bb2 f6 18. f4 Nd7 19. Bg4 Rad8 20. Rd3 Bb6 21. Bd4 Bxd4 22. exd4 f5 23. Bf3 a6 24. Rb3 Nb6 25. Kf2 Rxd4 26. Rc1 Rd6 27. a4 Rfd8 28. a5 Rd2+ 29. Kg3 Nd5 30. Bxd5+ R2xd5 31. Rcb1 Rd3+ 32. Rxd3 Rxd3+ 33. Kh2 Ra3 34. Re1 Rxa5 35. Re8+ Kf7 36. Rh8 b5 37. Rxh7+ Ke6 38. Rh6 Kd5 39. Rxg6 b4 40. h4 b3 41. h5 b2 42. h6 b1Q 43. h7 Ra1 44. Rg7 Qh1+ 45. Kg3 Ra3+ 46. Kf2 Ra2+ 47. Kf3 Qf1+ 0-1